Plans generals de Serveis Socials / Diputació de Barcelona. Servei de Serveis Socials
Descripción Física:
330 p. ; 24 cm
Colección:
Col·lecció Serveis Socials ; 2
Materias:
Serveis socials
MARC
| LEADER | 00000nam a2200000Ia 4500 | ||
|---|---|---|---|
| 001 | 4972 | ||
| 008 | 160829s1987 xx 000 0 cat d | ||
| 080 | |a S-1-37 | ||
| 110 | |a Barcelona (Catalunya : Província). |b Servei de Serveis Socials |9 2896 | ||
| 245 | |a Plans generals de Serveis Socials / Diputació de Barcelona. Servei de Serveis Socials | ||
| 260 | |a Barcelona : |b [el Servei], |c 1987 | ||
| 300 | |a 330 p. ; |c 24 cm | ||
| 490 | |a Col·lecció Serveis Socials ; 2 | ||
| 650 | 0 | |a Serveis socials |9 30783 | |
| 901 | |a Arxiu | ||
| 942 | |n 1 | ||
| 952 | |0 0 |1 0 |4 0 |6 S137 |7 1 |9 54206 |a Arxiu |b Arxiu |d 2016-12-01 |l 0 |o S-1-37 |p 4972 |r 2016-12-01 00:00:00 |w 2016-12-01 |y ARXIU | ||
| 999 | |c 58075 |d 58075 | ||